• 首页
  • 本馆介绍
  • 公告通知
  • 最新文献
  • 馆藏检索
  • 电子资源
  • 读者导购
  • 参考咨询
  • 我的图书馆
  • 登录
  • 详细信息显示
  • 放入我的书架
  • 预约/预借图书
  • 作者相关作品
  • 分类相关作品
  • 丛书相关作品
  • 出版社相关作品

书目信息

  • 表格格式
  • 工作单格式
  • 卡片格式
题名:
产业生态学
    
 
作者: 袁增伟 , 毕军 编著
分册:  
出版信息: 北京   科学出版社  2010
页数: 308页
开本: 24cm
丛书名: 21世纪环境科学前沿问题探索丛书
单 册:
中图分类: Q149
科图分类:
主题词: 产业--Chan Ye--生态学--研究 , 产业--Chan Ye , 生态学--Sheng Tai Xue
电子资源:
ISBN: 978-7-03-027916-3
000 01165nam0 22003131 450
001 350040
005 20161010155508.37
010    @a978-7-03-027916-3@dCNY56.00
100    @a20101026d2010 em y0chiy50 ea
101 0  @achi
102    @aCN@b110000
105    @ay z 000yy
106    @ar
200 1  @a产业生态学@AChan Ye Sheng Tai Xue@dIndustrial ecology@f袁增伟,毕军编著@zeng
210    @a北京@c科学出版社@d2010
215    @a308页@d24cm
225 2  @a21世纪环境科学前沿问题探索丛书@A21Shi Ji Huan Jing Ke Xue Qian Yan Wen Ti Tan Suo Cong Shu@i产业生态学
300    @a国家自然科学基金 国家科技支撑计划课题资助
330    @a本书汇集了产业共生理论、物质代谢分析方法、生命周期评价、生态效率、工业过程优化、企业环境行为、生态工业园等产业生态学领域热点问题,共十一章。
461  0 @12001 @a21世纪环境科学前沿问题探索丛书
510 1  @aIndustrial ecology@zeng
606 0  @a产业@AChan Ye@x生态学@x研究
606 0  @a产业@AChan Ye
606 0  @a生态学@ASheng Tai Xue
690    @aQ149@v5
701  0 @a袁增伟@AYuan Zeng Wei@f(1975~)@4编著
701  0 @a毕军@ABi Jun@f(1962~)@4编著
801  0 @aCN@bTANGWEI@20160802
905    @b0888025-9@dQ149@e180@f5
    
    产业生态学=Industrial ecology/袁增伟,毕军编著.-北京:科学出版社,2010
    308页;24cm.-(21世纪环境科学前沿问题探索丛书.产业生态学)
    国家自然科学基金 国家科技支撑计划课题资助
    
    ISBN 978-7-03-027916-3:CNY56.00
    本书汇集了产业共生理论、物质代谢分析方法、生命周期评价、生态效率、工业过程优化、企业环境行为、生态工业园等产业生态学领域热点问题,共十一章。
●
相关链接 在E读中查询图书 在五车中查询图书 在当当中查询图书 在豆瓣中查询图书


正题名:产业生态学     索取号:Q149/180         预约/预借

序号 登录号 条形码 馆藏地/架位号 状态 备注
1 0888025   208880255   第二样本阅览室/ [索取号:Q149/180] 在馆    
2 0888026   208880264   第三借阅区/ [索取号:Q149/180] 在馆    
3 0888027   208880273   第三借阅区/ [索取号:Q149/180] 在馆    
4 0888028   208880282   第三借阅区/ [索取号:Q149/180] 在馆    
5 0888029   208880291   第三借阅区/ [索取号:Q149/180] 在馆    
唐山师范学院图书馆 欢迎您!
大连网信软件有限公司© 版权所有